000 00957nas a2200325 4500
001 BR0000502
003 BR-BrBNA
005 20231205101701.0
007 ta
008 230509b bl.|||p| |||| 00| 00por d
040 _aBR-BrBNA
_bpor
_cBiblioteca Nacional de Agricultura
041 _a(Pt)
072 _aU10
100 1 _aBerbert, P.A.
100 1 _aStenning, B.C.
100 1 _aFaroni, L.R.D.A.
100 1 _aQueiroz, D.M. de
245 1 _aAvaliacao de tres metodos para determinacao indireta do teor de umidade do trigo
650 _aTrigo
650 _aSemente
650 _aArmazenamento
650 _aTeor de Umidade
650 _aInstrumento de Medida
650 _aMetodo Estatistico
650 _aModelo Matematico
650 _aMinas Gerais
773 0 _tEngenharia na Agricultura (Brazil)
_xISSN 1414-3984
_g(Apr-Jun 1999), v. 7(2) p. 57-69
_wBR0000502
909 _a202311
_bLúcia
_c55
_dLúcia Elande
942 _2AGRIS
_n0
_cANA
999 _c163251
_d163251